| 000 | 00885nam a2200241 i 4500 | ||
|---|---|---|---|
| 003 | IT-RoINE | ||
| 005 | 20201104052023.0 | ||
| 008 | 130326s2012 fr |r|||||||0|||fre|d | ||
| 020 | _a9782356760289 | ||
| 040 |
_aSpMaBN _cSpMaBN IT-RoINE _dIT-RoINE |
||
| 100 | 1 |
_aGuiral-Hadziiossif, Jacqueline _928379 |
|
| 245 | 1 | 0 |
_aMeurtre dans la cathédrale : _bles débuts de l'Inquisition espagnole / _cJacqueline Guiral-Hadziiossif. |
| 260 |
_aSaint-Denis : _bBouchene, _cDL 2012. |
||
| 300 |
_a286 p. ; _c24 cm. |
||
| 336 |
_2rdacontent _atext |
||
| 337 |
_2rdamedia _aunmediated |
||
| 338 |
_2rdacarrier _avolume |
||
| 504 | _aBibliografía: p. [281]-286. | ||
| 600 | 0 | 4 |
_aPedro de Arbués, _cSanto, _d1441-1485 _xAsesinato _928380 |
| 650 | 4 |
_911223 _aJudíos conversos al cristianismo _zEspaña _xHistoria |
|
| 650 | 4 |
_928381 _aInquisición _zAragón (Reino) _xHistoria |
|
| 942 | _cMTS | ||
| 999 |
_c14027 _d14027 |
||